Phương pháp cắm hoa thường dùng
Giới thiệu về các phương pháp cắm hoa thường dùng, rất đơn giản nhưng vô cùng hiệu quả trong việc tạo hồn cho hoa
Spremljeno u:
| Format: | Knjiga |
|---|---|
| Jezik: | Undetermined |
| Izdano: |
Hà Nội
Mỹ thuật
2004
|
| Teme: | |
| Oznake: |
Dodaj oznaku
Bez oznaka, Budi prvi tko označuje ovaj zapis!
|
| Thư viện lưu trữ: | Trung tâm Học liệu Trường Đại học Cần Thơ |
|---|
| LEADER | 00703nam a2200193Ia 4500 | ||
|---|---|---|---|
| 001 | CTU_118178 | ||
| 008 | 210402s9999 xx 000 0 und d | ||
| 020 | |c 65000 | ||
| 082 | |a 745.92 | ||
| 082 | |b Ph561 | ||
| 245 | 0 | |a Phương pháp cắm hoa thường dùng | |
| 245 | 0 | |c Nguyễn Kim Dân biên dịch | |
| 260 | |a Hà Nội | ||
| 260 | |b Mỹ thuật | ||
| 260 | |c 2004 | ||
| 520 | |a Giới thiệu về các phương pháp cắm hoa thường dùng, rất đơn giản nhưng vô cùng hiệu quả trong việc tạo hồn cho hoa | ||
| 650 | |a Flower arrangement | ||
| 904 | |i Nguyên | ||
| 980 | |a Trung tâm Học liệu Trường Đại học Cần Thơ | ||